000 00534nam a2200181Ia 4500
001 21265
003 GE_BSU
008 181216s||||||||xx |||||||||||||| ||und||
040 _cGE_BSU
245 _aГеоморфология. №3. Июль-Сентябрь 2017.
245 _cГл.ред.Чичагов В.П.
260 _aМосква
260 _c2017
300 _a110 стр. 23 см.
653 _aГеоморфология. №3. Июль-Сентябрь 2017.
653 _aპერიოდიკა
942 _cCR
999 _c54209
_d54209